From Khyber to Oxus : (Record no. 1848579)

MARC details
000 -LEADER
fixed length control field 00595nam a2200205 i 4500
003 - CONTROL NUMBER IDENTIFIER
control field OSt
005 - DATE AND TIME OF LATEST TRANSACTION
control field 20260427155629.0
008 - FIXED-LENGTH DATA ELEMENTS--GENERAL INFORMATION
fixed length control field 771209s1976 ii bf b 001 0 eng
020 ## - INTERNATIONAL STANDARD BOOK NUMBER
International Standard Book Number 812150577X
040 ## - CATALOGING SOURCE
Transcribing agency HDL
041 ## - LANGUAGE CODE
Language code of text/sound track or separate title eng
082 00 - DEWEY DECIMAL CLASSIFICATION NUMBER
Classification number 327.41 L6
100 1# - MAIN ENTRY--PERSONAL NAME
Personal name Chakravarty, Suhash.
9 (RLIN) 1235788
245 10 - TITLE STATEMENT
Title From Khyber to Oxus :
Remainder of title a study in imperial expansion /
Statement of responsibility, etc. Suhash Chakravarty.
260 ## - PUBLICATION, DISTRIBUTION, ETC.
Place of publication, distribution, etc. New Delhi :
Name of publisher, distributor, etc. Orient Longman,
Date of publication, distribution, etc. 1976.
300 ## - PHYSICAL DESCRIPTION
Extent vii, 280 p.
651 #0 - SUBJECT ADDED ENTRY--GEOGRAPHIC NAME
Geographic name Great Britain
General subdivision Foreign relations
Geographic subdivision Afghanistan.
9 (RLIN) 1235789
942 ## - ADDED ENTRY ELEMENTS (KOHA)
Source of classification or shelving scheme Colon Classification (CC)
Koha item type Textual
Suppress in OPAC No
Holdings
Withdrawn status Lost status Source of classification or shelving scheme Damaged status Not for loan Home library Current library Date acquired Total Checkouts Date last seen Price effective from Koha item type
    Colon Classification (CC)     Department of History Library Department of History Library 2026-04-27   2026-04-27 2026-04-27 Textual
Copyright @ Delhi University Library System